[Event "Druzynowe Mistrzostwa Polski - I Liga 2018"]
[Site "Pokrzywna"]
[Date "1899-12-30"]
[Round "4.11"]
[White "Szustakowski, Antoni"]
[Black "Samborski, Henryk"]
[Result "1-0"]
[WhiteTitle "FM"]
[BlackTitle "k"]
[WhiteElo "2296"]
[BlackElo "2101"]

1. d4 Nf6 2. c4 e6 3. g3 d5 4. Nf3 Be7 5. Bg2 O-O 6. O-O b6 7. cxd5 exd5 8. Nc3
Bb7 9. Bf4 a6 10. Rc1 Nbd7 11. Ne5 c5 12. Nxd7 Qxd7 13. Na4 Qb5 14. b3 Rfe8 15.
Bc7 cxd4 16. Bxb6 Ba3 17. Rc2 Rac8 18. Rxc8 Bxc8 19. Bxd4 Qxe2 20. Nc3 Qe6 21.
Qd3 a5 22. Rd1 Ba6 23. Qb1 h6 24. Be3 Rd8 25. Na4 Be2 26. Re1 Qa6 27. Bd4 Bd3
28. Qa1 Bg6 29. Nc3 Bb4 30. Rd1 Bh5 31. Rc1 Qd3 32. Na4 Ne8 33. Nc5 Qf5 34. Qb2
Bf3 35. Qc2 Qxc2 36. Rxc2 Bxg2 37. Kxg2 Rc8 38. Re2 Bxc5 39. Rc2 Nd6 40. Rxc5
Rxc5 41. Bxc5 Nb7 42. Bd4 f6 43. Bc3 Kf7 44. Kf3 Ke6 45. g4 g6 46. Kf4 Kf7 47.
Ke3 Ke6 48. Kd4 Kd6 49. Bd2 h5 50. gxh5 gxh5 51. Bc3 Ke6 52. f3 Kd6 53. Ke3 Ke6
54. Kf4 Ke7 55. Kf5 1-0

[Event "Druzynowe Mistrzostwa Polski - I Liga 2018"]
[Site "Pokrzywna"]
[Date "1899-12-30"]
[Round "4.12"]
[White "Worek, Joanna"]
[Black "Harazinska, Magdalena"]
[Result "0-1"]
[WhiteTitle "WGM"]
[BlackTitle "k"]
[WhiteElo "2295"]
[BlackElo "2042"]

1. e4 c5 2. Nf3 d6 3. d4 cxd4 4. Qxd4 Nc6 5. Bb5 Bd7 6. Qd3 Nf6 7. c4 a6 8. Bxc6
Bxc6 9. Nc3 e6 10. O-O Be7 11. h3 O-O 12. Nd4 Qc7 13. Bf4 b6 14. Rac1 Bb7 15.
Be3 Rac8 16. b3 Qb8 17. f3 Bd8 18. Nde2 Bc7 19. Bd4 Nd7 20. Rfd1 Kh8 21. Qd2 Rg8
22. Kh1 Bc6 23. Bf2 Nf6 24. Bh4 Ne8 25. b4 Bb7 26. a4 h6 27. Na2 Qa8 28. Qe3 Bc6
29. Nac3 Bb7 30. Rb1 Kh7 31. Be7 g5 32. c5 bxc5 33. bxc5 dxc5 34. Bxc5 Nf6 35.
Qd4 Nh5 36. Bd6 Rgd8 37. Qe5 Bxd6 38. Rxd6 Qb8 39. Rbb6 Rc6 40. Rxb7 Qxd6 41.
Qxd6 Rdxd6 42. e5 Rd2 43. Rxf7+ Kg6 44. Rb7 Nf4 45. Nxf4+ gxf4 46. Ne4 Rd1+ 47.
Kh2 Rcc1 48. Nf2 Rf1 49. Rb2 Ra1 50. g3 fxg3+ 51. Kxg3 Rxa4 52. Rb8 Rg1+ 53. Kh2
Re1 54. Ng4 h5 55. Rg8+ Kf7 56. Nh6+ Ke7 57. Rg7+ Ke8 0-1

[Event "Druzynowe Mistrzostwa Polski - I Liga 2018"]
[Site "Pokrzywna"]
[Date "1899-12-30"]
[Round "4.13"]
[White "Sopur, Lech"]
[Black "Chojnacki, Krzysztof"]
[Result "1-0"]
[WhiteTitle "m"]
[BlackTitle "IM"]
[WhiteElo "2403"]
[BlackElo "2362"]

1. e4 e6 2. d4 d5 3. Nd2 Nf6 4. e5 Nfd7 5. Bd3 c5 6. c3 Nc6 7. Ne2 cxd4 8. cxd4
f6 9. exf6 Nxf6 10. O-O Bd6 11. Nf3 O-O 12. Bf4 Nh5 13. Bxd6 Qxd6 14. Qd2 Nf4
15. Nxf4 Qxf4 16. Qe3 a6 17. Rfe1 h6 18. Bc2 Qxe3 19. fxe3 Bd7 20. Ba4 b5 21.
Bb3 a5 22. Rec1 a4 23. Bd1 Rfc8 24. Rc5 a3 25. bxa3 Rxa3 26. Be2 Nb4 27. Rxc8+
Bxc8 28. Bxb5 Rxa2 29. Rb1 Nc2 30. Bd3 Ba6 31. Rb8+ Kf7 32. Ne5+ Ke7 33. Bxc2
Rxc2 34. Ra8 Bc4 35. Ra7+ Kf8 36. Ra8+ Ke7 37. Ra7+ Kf8 38. Ng6+ Kg8 39. Nf4 g5
40. Nxe6 Re2 41. Ra3 Kf7 42. Nc5 h5 43. h3 Kf6 44. Rc3 Bb5 45. Rb3 Bc4 46. Rb6+
Kf5 47. Re6 Re1+ 48. Kh2 Bf1 49. Re5+ Kf6 50. e4 dxe4 51. Nxe4+ Kg6 52. Re6+ Kg7
53. Nxg5 Rd1 54. Nf3 Bc4 55. Re5 Kh6 56. Kg3 Bf7 57. Ra5 Bg6 58. Ra6 Kg7 59. Kf4
1-0

[Event "Druzynowe Mistrzostwa Polski - I Liga 2018"]
[Site "Pokrzywna"]
[Date "1899-12-30"]
[Round "4.14"]
[White "Musialkiewicz, Pawel"]
[Black "Cukrowski, Filip"]
[Result "0-1"]
[WhiteTitle "FM"]
[BlackTitle "FM"]
[WhiteElo "2247"]
[BlackElo "2397"]

1. d4 Nf6 2. c4 g6 3. Nc3 Bg7 4. e4 O-O 5. f4 d6 6. Nf3 Nbd7 7. Bd3 e5 8. fxe5
dxe5 9. d5 Qe7 10. O-O Ng4 11. Qe1 Bh6 12. h3 Bxc1 13. Rxc1 Nh6 14. Qe3 Kg7 15.
Nb5 Nc5 16. b4 Na6 17. a3 c6 18. Nxa7 Bd7 19. b5 Nc5 20. Nxe5 Qxe5 21. bxc6 Nxd3
22. cxb7 Rxa7 23. Qxa7 Nxc1 24. Rxc1 Bxh3 25. gxh3 Qg3+ 26. Kf1 Qf4+ 27. Ke2 Qxc1
28. Kd3 Qb1+ 29. Kc3 Ng8 30. Qd4+ Nf6 0-1

[Event "Druzynowe Mistrzostwa Polski - I Liga 2018"]
[Site "Pokrzywna"]
[Date "1899-12-30"]
[Round "4.15"]
[White "Kaczmarek, Aleksander"]
[Black "Musialkiewicz, Jan"]
[Result "1-0"]
[WhiteTitle "FM"]
[BlackTitle "k+"]
[WhiteElo "2398"]
[BlackElo "2244"]

1. e4 c5 2. Nf3 d6 3. d4 cxd4 4. Nxd4 Nf6 5. Nc3 a6 6. Nb3 g6 7. Be2 Bg7 8. g4
Nc6 9. g5 Nd7 10. Be3 b5 11. f4 Bb7 12. Qd2 Rc8 13. Bg4 Nb4 14. O-O Nxc2 15. Qxc2
b4 16. Nc5 Nxc5 17. Bxc8 Qxc8 18. Nd5 e6 19. Nf6+ Bxf6 20. gxf6 Bxe4 21. Qd2 O-O
22. Rac1 Ba8 23. h3 Qb7 24. Bxc5 dxc5 25. Kh2 h6 26. Rxc5 Rc8 27. Rxc8+ Qxc8 28.
Rd1 Qc6 29. Qf2 Kh7 30. Kg3 g5 31. Rd4 e5 32. fxe5 Kg6 33. h4 Qc5 34. Qe3 Qc6
35. Qd3+ Kh5 36. Qe2+ Kg6 37. h5+ Kf5 38. Rd1 Qe4 39. Qxe4+ Bxe4 40. Rd7 Kxe5
41. Rxf7 Bb1 42. Ra7 Kxf6 43. Rxa6+ Kg7 44. a4 bxa3 45. bxa3 Bd3 46. Ra7+ Kf8
47. a4 Ke8 48. a5 Kd8 49. Rg7 Be2 50. Kf2 1-0

[Event "Druzynowe Mistrzostwa Polski - I Liga 2018"]
[Site "Pokrzywna"]
[Date "1899-12-30"]
[Round "4.16"]
[White "Bardeli, Lukasz"]
[Black "Orzech, Dominik"]
[Result "1/2-1/2"]
[WhiteTitle "FM"]
[BlackTitle "IM"]
[WhiteElo "2133"]
[BlackElo "2365"]

1. Nf3 Nf6 2. g3 d5 3. c4 d4 4. Bg2 g6 5. O-O Bg7 6. d3 O-O 7. b4 c5 8. bxc5 Nfd7
9. Ba3 Qa5 10. Qe1 Qa4 11. Qd1 Qa5 12. Qe1 Qa4 13. Qd1 Qa5 14. Qe1 1/2-1/2

[Event "Druzynowe Mistrzostwa Polski - I Liga 2018"]
[Site "Pokrzywna"]
[Date "1899-12-30"]
[Round "4.17"]
[White "Flis, Pawel"]
[Black "Raczynski, Krzysztof"]
[Result "1/2-1/2"]
[WhiteTitle "k"]
[BlackTitle "k+"]
[WhiteElo "1922"]
[BlackElo "2091"]

1. e4 g6 2. d4 Bg7 3. Nc3 d6 4. Be3 a6 5. Qd2 b5 6. Bd3 Nd7 7. a4 b4 8. Nce2 c5
9. c3 bxc3 10. bxc3 Ngf6 11. Nf3 Bb7 12. Ng3 O-O 13. h3 d5 14. e5 Ne4 15. Bxe4
dxe4 16. Ng5 cxd4 17. cxd4 Nb6 18. N5xe4 Nc4 19. Qe2 Nxe3 20. Qxe3 f5 21. exf6
exf6 22. O-O Qd5 23. Rac1 Rac8 24. Qf3 f5 25. Nd2 Bxd4 26. Qxd5+ Bxd5 27. Ne2
Bb2 28. Rxc8 Rxc8 29. Nf4 Bf7 30. Nf3 Rc4 31. Nd3 Bf6 32. Rb1 Rxa4 33. Rb8+ Kg7
34. Nde5 Bd5 35. Rc8 Bxf3 36. Nxf3 Re4 37. Ra8 Re6 38. h4 h6 39. Ra7+ Kf8 40.
g3 Be7 41. Kf1 Kf7 42. Ne1 g5 43. hxg5 hxg5 44. Nd3 Ke8 45. f4 Re3 46. Ra8+ Bd8
47. Ne5 Rxg3 48. fxg5 Rxg5 1/2-1/2

[Event "Druzynowe Mistrzostwa Polski - I Liga 2018"]
[Site "Pokrzywna"]
[Date "1899-12-30"]
[Round "4.18"]
[White "Szelag, Zuzanna"]
[Black "Miturova, Magdalena"]
[Result "1-0"]
[WhiteTitle "k"]
[BlackTitle "WIM"]
[WhiteElo "2015"]
[BlackElo "2204"]

1. e4 e5 2. Nf3 Nc6 3. Bb5 Bc5 4. c3 Nf6 5. d4 Bb6 6. O-O O-O 7. Re1 d6 8. h3 h6
9. Bxc6 bxc6 10. dxe5 dxe5 11. Qa4 Re8 12. Qxc6 Rb8 13. Nbd2 Bb7 14. Qc4 Nh5 15.
Nf1 Nf4 16. Be3 Qf6 17. Bxb6 cxb6 18. Re3 b5 19. Qb4 Bc8 20. Ne1 h5 21. Rd1 Rb6
22. Kh2 h4 23. Rf3 Rd8 24. Rxd8+ Qxd8 25. Qc5 Bb7 26. Qxe5 Ng6 27. Rd3 Qc8 28.
Qd4 Kh7 29. Nf3 f6 30. Ne3 Nf4 31. Rd2 Re6 32. e5 fxe5 33. Nxe5 Qf8 34. Nd7 Qf7
35. Nc5 1-0

[Event "Druzynowe Mistrzostwa Polski - I Liga 2018"]
[Site "Pokrzywna"]
[Date "1899-12-30"]
[Round "4.19"]
[White "Gritsak, Orest"]
[Black "Szwed, Jacek"]
[Result "1-0"]
[WhiteTitle "GM"]
[BlackTitle "FM"]
[WhiteElo "2450"]
[BlackElo "2397"]

1. Nf3 d5 2. g3 g6 3. Bg2 Bg7 4. d4 Nf6 5. O-O O-O 6. Nbd2 c5 7. dxc5 Na6 8. Nb3
Ne4 9. Ne1 Naxc5 10. Nxc5 Nxc5 11. Qxd5 Qxd5 12. Bxd5 Rd8 13. Bg2 Bg4 14. Nd3
Nxd3 15. exd3 Rac8 16. c3 Rxd3 17. Bxb7 Rb8 18. Bg2 a5 19. a4 Bd7 20. Re1 e5 21.
h4 f5 22. Bf1 Rd6 23. b4 axb4 24. cxb4 Rd4 25. b5 Kh8 26. Bb2 Rd5 27. Rad1 Rxd1
28. Rxd1 Be8 29. a5 Bxb5 30. Bxb5 Rxb5 31. Rd8+ Bf8 32. a6 1-0

[Event "Druzynowe Mistrzostwa Polski - I Liga 2018"]
[Site "Pokrzywna"]
[Date "1899-12-30"]
[Round "4.20"]
[White "Zylka, Stanislaw"]
[Black "Miroslaw, Michal"]
[Result "0-1"]
[WhiteTitle "FM"]
[BlackTitle "FM"]
[WhiteElo "2327"]
[BlackElo "2280"]

1. e4 c6 2. d4 g6 3. Nc3 d6 4. Be3 Bg7 5. Qd2 Nd7 6. h3 e5 7. Nf3 Qc7 8. Be2 Ngf6
9. O-O-O b5 10. dxe5 dxe5 11. Bxb5 cxb5 12. Nxb5 Qc6 13. Nd6+ Kf8 14. Qb4 Rb8
15. Nxe5 Qa6 16. Nb5+ Kg8 17. a4 Bf8 18. Qc3 Qxa4 19. Nxd7 Bxd7 20. Qxf6 Bg7 21.
Qd6 Qxb5 22. Qxd7 Bxb2+ 23. Kb1 Qa5 24. Qxa7 Be5+ 25. Kc1 Rb1+ 26. Kxb1 Qb4+ 27.
Kc1 Bb2+ 28. Kb1 Bc3+ 0-1

[Event "Druzynowe Mistrzostwa Polski - I Liga 2018"]
[Site "Pokrzywna"]
[Date "1899-12-30"]
[Round "4.21"]
[White "Stoma, Pawel"]
[Black "Koziol, Kamil"]
[Result "1/2-1/2"]
[WhiteTitle "m"]
[BlackTitle "FM"]
[WhiteElo "2317"]
[BlackElo "2310"]

1. d4 Nf6 2. Nf3 e6 3. Bf4 c5 4. c3 d5 5. e3 Nc6 6. a3 a5 7. c4 dxc4 8. Bxc4 cxd4
9. exd4 Nd5 10. Bg3 Nb6 11. Ba2 Bd6 12. Nc3 Ne7 13. Qc2 Bxg3 14. hxg3 h6 15. Ne4
Nbd5 16. Ne5 f6 17. Nf3 O-O 18. O-O b6 19. Rfe1 Ra7 20. Rad1 Rc7 21. Qd3 Rf7 22.
Bb1 g5 23. Ned2 Rg7 24. Nh2 Ng6 25. Ne4 Nf8 26. Nc3 Bb7 27. Ba2 Rcd7 28. Qe2 f5
29. Nf3 Nxc3 30. Bxe6+ Kh8 31. bxc3 Rde7 32. d5 Qd6 33. Qe5 Qxe5 34. Rxe5 Nxe6
35. dxe6 Bxf3 36. gxf3 Rc7 37. Rd8+ Kh7 38. Rb8 Rge7 39. Rxb6 Rxc3 40. Kg2 Rxa3
41. Rxf5 Kg6 42. g4 Ra1 43. Re5 a4 44. f4 gxf4 45. Kf3 a3 46. Kxf4 a2 47. Ra6
Kf6 48. Rf5+ Kg6 49. Re5 Kf6 50. Re4 Rg1 51. Rxa2 h5 52. gxh5 Rxe6 53. Rxe6+ Kxe6
54. h6 Kf6 55. Ra6+ Kf7 56. Kf5 Rf1 57. f4 Kg8 58. Kg5 Rg1+ 59. Kf6 Rh1 60. Ke7
Rf1 61. Rg6+ Kh7 62. Rf6 Re1+ 63. Kd6 Rd1+ 64. Ke6 Re1+ 65. Kf5 Ra1 66. Rd6 Rb1
67. Ra6 Rb2 68. Kg4 Rg2+ 69. Kf3 Rh2 70. Ke4 Re2+ 71. Kf5 Rb2 72. Rc6 Rb1 73.
Ra6 Rb2 74. Rf6 Ra2 75. Rb6 Ra1 76. Kf6 Kxh6 77. f5 Ra7 78. Ke6 Kg7 79. Rd6 Rf7
80. Rd1 Rf6+ 81. Ke5 Ra6 82. Rd7+ Kf8 83. Kf4 Rb6 84. Kg5 Ra6 85. Rb7 Rc6 86.
f6 Rc1 1/2-1/2

[Event "Druzynowe Mistrzostwa Polski - I Liga 2018"]
[Site "Pokrzywna"]
[Date "1899-12-30"]
[Round "4.22"]
[White "Tomaszewski, Kacper"]
[Black "Panas, Pawel"]
[Result "1/2-1/2"]
[WhiteTitle "k++"]
[BlackTitle "k"]
[WhiteElo "2281"]
[BlackElo "2181"]

1. d4 e6 2. Nf3 Nf6 3. c4 d5 4. Nc3 dxc4 5. e3 a6 6. a4 c5 7. Bxc4 Nc6 8. O-O Be7
9. Qe2 cxd4 10. Rd1 e5 11. exd4 exd4 12. Nxd4 Nxd4 13. Qe5 Qd6 14. Qxd6 Bxd6 15.
Rxd4 Bc5 16. Rd1 O-O 17. Bg5 Bg4 18. Rd2 Rfd8 19. Rxd8+ Rxd8 20. Re1 h6 21. Bxf6
gxf6 22. h3 Bf5 23. Nd5 Kg7 24. b4 Bd6 25. Ne3 Be6 26. Rd1 Be7 27. Rxd8 Bxd8 28.
Kf1 Be7 29. b5 axb5 30. axb5 Bc5 31. Ke2 Bxe3 32. Bxe6 Bc5 1/2-1/2

[Event "Druzynowe Mistrzostwa Polski - I Liga 2018"]
[Site "Pokrzywna"]
[Date "1899-12-30"]
[Round "4.23"]
[White "Praszak, Michal"]
[Black "Wolynski, Krzysztof"]
[Result "1-0"]
[WhiteTitle "m"]
[BlackTitle "I++"]
[WhiteElo "2068"]
[BlackElo "2103"]

1. d4 f5 2. Nc3 Nf6 3. Bg5 d5 4. Bxf6 exf6 5. e3 c6 6. Bd3 Qb6 7. Rb1 Be7 8. Qf3
g6 9. Nge2 Na6 10. a3 Nc7 11. h3 Ne6 12. g4 Ng5 13. Qg2 fxg4 14. hxg4 Nf7 15.
f4 Bd7 16. b4 O-O-O 17. Kd2 Nd6 18. Na4 Qc7 19. Nc5 f5 20. gxf5 Nxf5 21. Nxd7
Qxd7 22. Bxf5 Qxf5 23. Qh3 Rdf8 24. Rbg1 Qxh3 25. Rxh3 Kd7 26. Nc1 Ke6 27. Nd3
Bd6 28. Rh6 Kf6 29. Ne1 Kg7 30. Rh3 Be7 31. Nf3 Bf6 32. a4 Kf7 33. Kd3 Rc8 34.
a5 a6 35. c4 Ke6 36. Rc1 Rce8 37. Rch1 Re7 38. Rh6 Rg7 39. e4 dxe4+ 40. Kxe4 Kf7
41. Ne5+ Bxe5 42. fxe5 g5 43. d5 cxd5+ 44. cxd5 g4 45. d6 g3 46. e6+ Ke8 47. Rc1
Kd8 48. e7+ Kd7 49. Rc7+ Ke8 50. Rc8+ 1-0

[Event "Druzynowe Mistrzostwa Polski - I Liga 2018"]
[Site "Pokrzywna"]
[Date "1899-12-30"]
[Round "4.24"]
[White "Lewtak, Damian"]
[Black "Markowski, Tomasz"]
[Result "1/2-1/2"]
[WhiteTitle "m"]
[BlackTitle "GM"]
[WhiteElo "2430"]
[BlackElo "2546"]

1. e4 c5 2. Nf3 e6 3. d4 cxd4 4. Nxd4 a6 5. Bd3 Nf6 6. O-O d6 7. c4 Be7 8. Re1
O-O 9. Nc3 b6 10. f3 Bb7 11. Be3 Nbd7 12. Bf1 Rc8 13. Rc1 Re8 14. Bf2 Qc7 15.
Nc2 Ne5 16. Ne3 Nfd7 17. f4 Ng6 18. g3 Ngf8 19. h4 Qb8 20. h5 h6 21. Nc2 Ba8 22.
Nd4 Nh7 23. b3 Nhf6 24. Bg2 Bf8 25. Bf3 b5 26. cxb5 e5 27. Nc6 Bxc6 28. bxc6 Rxc6
29. Nd5 Rxc1 30. Nxf6+ Nxf6 31. Qxc1 Rc8 32. Qb2 Qc7 33. Be3 Qa5 34. Bd2 Qc5+
35. Be3 Qa5 36. Bd2 Qc5+ 37. Be3 Qa5 1/2-1/2

[Event "Druzynowe Mistrzostwa Polski - I Liga 2018"]
[Site "Pokrzywna"]
[Date "1899-12-30"]
[Round "4.25"]
[White "Jakubowski, Krzysztof"]
[Black "Reza, Wojciech"]
[Result "1-0"]
[WhiteTitle "GM"]
[BlackTitle "FM"]
[WhiteElo "2508"]
[BlackElo "2284"]

1. Nf3 c5 2. g3 Nc6 3. Bg2 e5 4. O-O d5 5. d3 Bd6 6. c4 d4 7. e3 dxe3 8. Bxe3 Nge7
9. Nc3 O-O 10. a3 Bf5 11. Ng5 Rc8 12. Rb1 h6 13. Nge4 b6 14. Nb5 Bb8 15. b4 cxb4
16. axb4 Bg6 17. c5 Nf5 18. Bh3 Nce7 19. Ra1 Nxe3 20. fxe3 f5 21. Ned6 Bxd6 22.
Nxd6 Rc7 23. d4 Kh7 24. Bg2 Nc8 25. Nb5 Re7 26. d5 e4 27. d6 Re6 28. Nxa7 bxc5
29. bxc5 Nxd6 30. cxd6 Rxd6 31. Qc1 Qg5 32. Nb5 Rd3 33. Re1 h5 34. Nd4 Rf6 35.
Bf1 f4 36. exf4 Qd5 37. Bxd3 Qxd4+ 38. Qe3 Qxe3+ 39. Rxe3 exd3 40. Re5 Rd6 41.
Rd1 Rf6 42. Kf2 Bf5 43. h3 g6 44. Re7+ Kg8 45. Kf3 Bxh3 46. Rxd3 Rf8 47. Rc3 Bf5
48. Rcc7 Rd8 49. Rg7+ Kh8 50. Rh7+ Kg8 51. Rcg7+ Kf8 52. Rh8+ Kxg7 53. Rxd8 Bc2
54. Rd6 Kh6 55. Ke3 Bf5 56. Rd8 g5 57. Rd6+ Kg7 58. fxg5 Bc2 59. Kf4 Bb1 60. Rb6
Bc2 61. Rc6 Bd3 62. Rd6 Bc2 63. g6 Bxg6 64. Kg5 Be8 65. Rh6 Bf7 66. Rxh5 Bc4 67.
Rh2 1-0

[Event "Druzynowe Mistrzostwa Polski - I Liga 2018"]
[Site "Pokrzywna"]
[Date "1899-12-30"]
[Round "4.26"]
[White "Licznerski, Lukasz"]
[Black "Krzyzanowski, Marcin"]
[Result "0-1"]
[WhiteTitle "FM"]
[BlackTitle "IM"]
[WhiteElo "2277"]
[BlackElo "2477"]

1. e4 c5 2. Nf3 d6 3. c3 Nf6 4. h3 Nbd7 5. Bd3 g6 6. O-O Bg7 7. Bc2 O-O 8. d4 Qc7
9. Bf4 e5 10. Bh2 b5 11. dxe5 dxe5 12. a4 b4 13. Qe2 Nh5 14. Rc1 Nf4 15. Bxf4
exf4 16. Bd3 Rb8 17. cxb4 Rxb4 18. Nc3 Bb7 19. Nb5 Qb8 20. Rc2 Ba8 21. Nc3 Ne5
22. Nxe5 Qxe5 23. Rac1 Bh6 24. Rd1 Rd8 25. Nd5 Bxd5 26. Rxc5 f3 27. Qe1 Rd4 28.
Qa5 Qg5 29. g3 Bf8 30. Rxd5 R8xd5 31. exd5 Bb4 32. Qb5 Bd6 33. Qe8+ Kg7 34. Qe1
Bb4 35. Qf1 Bc5 36. Kh2 Qxd5 37. Bc2 h5 38. Rxd4 Qxd4 39. Bd1 Qxb2 40. Bxf3 Bxf2
41. Qe2 Qd4 42. Kg2 Be3 43. a5 Qc3 44. a6 Bb6 45. Bb7 g5 46. Bf3 Qd4 47. Bxh5
Qg1+ 48. Kf3 Bc7 49. Qb2+ f6 50. Qf2 Qd1+ 51. Qe2 Qd6 52. Qe8 Qxg3+ 53. Ke2 Qg2+
54. Kd1 Qf1+ 55. Kc2 Qc4+ 56. Kd2 Bf4+ 57. Ke1 Qc3+ 58. Ke2 Qc2+ 59. Kf3 Qb3+
60. Ke4 Qe3+ 61. Kd5 Qd3+ 62. Kc5 Qd6+ 63. Kb5 Qb6+ 64. Kc4 Qxa6+ 65. Kd5 Qa2+
66. Ke4 Qg2+ 67. Kd4 Qd2+ 68. Kc4 Qc2+ 69. Kd5 Qb3+ 70. Kc6 Qa4+ 71. Kd5 Qb3+
72. Kc6 Qa4+ 73. Kd5 Qa5+ 74. Kc6 Qb6+ 75. Kd5 Qd6+ 76. Kc4 f5 77. Be2 Be5 78.
Qb5 Qd4+ 79. Kb3 Qc3+ 80. Ka4 Qc2+ 81. Ka5 Qa2+ 82. Kb4 Qb2+ 83. Kc5 Qd4+ 84.
Kc6 Kf6 85. Kb7 a5 86. Bc4 Qe4+ 87. Bd5 Qb4 88. Ka6 Qxb5+ 89. Kxb5 Bc7 90. Bc6
Ke5 91. Kc4 Kf4 92. Kd3 Kg3 93. Bd7 f4 94. Ke2 Kg2 0-1

[Event "Druzynowe Mistrzostwa Polski - I Liga 2018"]
[Site "Pokrzywna"]
[Date "1899-12-30"]
[Round "4.27"]
[White "Cvek, Robert"]
[Black "Renkowski, Piotr"]
[Result "1-0"]
[WhiteTitle "GM"]
[BlackTitle "k+"]
[WhiteElo "2509"]
[BlackElo "2199"]

1. c4 e5 2. Nc3 Nc6 3. g3 d6 4. Bg2 Be6 5. d3 Qd7 6. b4 Nf6 7. b5 Nd8 8. Bg5 Be7
9. Nf3 h6 10. Bxf6 Bxf6 11. Rb1 g6 12. Nd2 O-O 13. O-O Bg7 14. Nd5 f5 15. Qa4
Kh7 16. Qa5 Rf7 17. b6 Bxd5 18. Bxd5 cxb6 19. Rxb6 Re7 20. Rfb1 Nc6 21. Qa4 Qc8
22. R6b3 Nd4 23. Rxb7 Nxe2+ 24. Kg2 Rxb7 25. Rxb7 Nc3 26. Qa5 Nxd5 27. Qxd5 Qf8
28. Nf3 a6 29. c5 dxc5 30. Nxe5 Rd8 31. Nd7 Qe7 32. Qxc5 Qxc5 33. Nxc5 Rd6 34.
Ra7 a5 35. Rxa5 Rd5 36. a4 h5 37. Rb5 Kh6 38. h4 Bc3 39. Nb7 Rxd3 40. Rb3 1-0

[Event "Druzynowe Mistrzostwa Polski - I Liga 2018"]
[Site "Pokrzywna"]
[Date "1899-12-30"]
[Round "4.28"]
[White "Wypych, Dominik"]
[Black "Polok, Kacper"]
[Result "0-1"]
[WhiteTitle "k"]
[BlackTitle "FM"]
[WhiteElo "2096"]
[BlackElo "2295"]

1. d4 Nf6 2. c4 c5 3. Nf3 cxd4 4. Nxd4 e5 5. Nb5 d6 6. N1c3 a6 7. Na3 b5 8. Nd5
Be6 9. Bg5 bxc4 10. Nxc4 Nbd7 11. e4 Bxd5 12. exd5 Be7 13. Be2 O-O 14. O-O Nb6
15. Bxf6 Bxf6 16. Rc1 Bg5 17. Rc2 Rc8 18. Qd3 Nxc4 19. Rxc4 Rxc4 20. Qxc4 a5 21.
b4 Bd2 22. b5 Bb4 23. Qc6 Bc5 24. Qa6 f5 25. Rc1 Kh8 26. Bf1 h6 27. Rc4 e4 28.
Ra4 e3 29. Rxa5 Qh4 30. g3 Qe4 31. h3 e2 0-1

[Event "Druzynowe Mistrzostwa Polski - I Liga 2018"]
[Site "Pokrzywna"]
[Date "1899-12-30"]
[Round "4.29"]
[White "Zemlickova, Olena"]
[Black "Jablonska, Sabina"]
[Result "1-0"]
[WhiteTitle "WIM"]
[BlackTitle "k"]
[WhiteElo "2096"]
[BlackElo "1956"]

1. d4 Nf6 2. Nf3 c5 3. d5 d6 4. Nc3 g6 5. e4 Bg7 6. Be2 Nbd7 7. O-O O-O 8. a4 a6
9. a5 b5 10. axb6 Nxb6 11. Nd2 Bb7 12. Nb3 Qc7 13. Na5 Bc8 14. Be3 e6 15. Ra2
exd5 16. Nxd5 Nbxd5 17. exd5 Nxd5 18. Qxd5 Be6 19. Qd2 Bxa2 20. b3 Rab8 21. Bf4
Rb4 22. Nc4 Qd7 23. c3 Rxb3 24. Qxa2 Rb7 25. Bxd6 Re8 26. Bf3 Ra7 27. Bxc5 Rc7
28. Bb6 Rcc8 29. Ne3 Bxc3 30. Bg4 Qb5 31. Bxc8 Rxc8 32. Nd5 Be5 33. Ne7+ 1-0

[Event "Druzynowe Mistrzostwa Polski - I Liga 2018"]
[Site "Pokrzywna"]
[Date "1899-12-30"]
[Round "5.1"]
[White "Markowski, Tomasz"]
[Black "Jakubiec, Artur"]
[Result "1/2-1/2"]
[WhiteTitle "GM"]
[BlackTitle "GM"]
[WhiteElo "2546"]
[BlackElo "2514"]

1. d4 d6 2. Nf3 Bg4 3. e3 Nd7 4. Be2 c6 5. O-O e5 6. h3 Bxf3 7. Bxf3 Ngf6 8. c4
e4 9. Be2 g6 10. Nc3 Bg7 11. Qc2 Qe7 12. b4 a5 13. b5 c5 14. Ba3 O-O 15. Rad1
Rfe8 16. Rfe1 Nb6 17. dxc5 dxc5 18. Nd5 Nfxd5 19. cxd5 Rac8 20. d6 Qe6 21. Rd2
Red8 22. Red1 Be5 23. g3 Rxd6 24. Qxe4 Rxd2 25. Rxd2 c4 26. Rc2 c3 27. Qxb7 Nc4
28. Bg4 f5 29. Bf3 Nb6 30. Kg2 h5 31. h4 Rc7 32. Qa6 Rc4 33. Bc6 Rxc6 34. bxc6
Qxc6+ 35. Kg1 Bg7 36. Qxa5 Nc4 37. Qd8+ Kh7 38. Bf8 Ne5 39. Bxg7 Nf3+ 40. Kf1
Nh2+ 41. Kg1 Nf3+ 42. Kh1 Nd2+ 43. Kg1 Nf3+ 44. Kh1 1/2-1/2

[Event "Druzynowe Mistrzostwa Polski - I Liga 2018"]
[Site "Pokrzywna"]
[Date "1899-12-30"]
[Round "5.2"]
[White "Marczuk, Dominik"]
[Black "Jakubowski, Krzysztof"]
[Result "0-1"]
[WhiteTitle "k"]
[BlackTitle "GM"]
[WhiteElo "2293"]
[BlackElo "2508"]

1. c4 c5 2. Nc3 g6 3. g3 Bg7 4. Bg2 Nc6 5. Nf3 e5 6. d3 d6 7. O-O Nge7 8. Rb1 O-O
9. a3 a5 10. Bd2 f5 11. Ne1 f4 12. Nd5 Nxd5 13. cxd5 Ne7 14. b4 axb4 15. axb4
b6 16. Qb3 g5 17. e4 Ng6 18. f3 h5 19. bxc5 bxc5 20. Qb6 Qe7 21. Rf2 g4 22. Qc6
Ra6 23. Rb6 Rxb6 24. Qxb6 h4 25. gxh4 Nxh4 26. fxg4 Bxg4 27. Nf3 Nxg2 28. Kxg2
Rf6 29. Ba5 Bf8 30. Qc7 Qe8 31. h3 Bxf3+ 32. Rxf3 Rg6+ 33. Kh2 Qa4 34. Rf2 Qd1
35. Rg2 Rxg2+ 36. Kxg2 Qe2+ 37. Kg1 f3 0-1

[Event "Druzynowe Mistrzostwa Polski - I Liga 2018"]
[Site "Pokrzywna"]
[Date "1899-12-30"]
[Round "5.3"]
[White "Krzyzanowski, Marcin"]
[Black "Chmiel, Marcin"]
[Result "1-0"]
[WhiteTitle "IM"]
[BlackTitle "k"]
[WhiteElo "2477"]
[BlackElo "2237"]

1. Nf3 c5 2. e4 g6 3. c4 Nc6 4. d4 cxd4 5. Nxd4 Nf6 6. Nc3 Nxd4 7. Qxd4 d6 8. Be3
Bg7 9. f3 O-O 10. Qd2 a5 11. Na4 Be6 12. Nb6 Rb8 13. Qxa5 Nd7 14. Qb4 f5 15. Bd3
Ne5 16. O-O-O Nc6 17. Qd2 Nd4 18. Bc2 Qxb6 19. Bxd4 Bxd4 20. Qxd4 Qxd4 21. Rxd4
f4 22. Re1 Rfc8 23. b3 b5 24. cxb5 Rxb5 25. Kb2 Rbc5 26. Re2 Kf7 27. Bd3 Kf6 28.
Rc2 Ke5 29. Rb4 g5 30. a4 h5 31. h3 g4 32. hxg4 hxg4 33. Rd2 g3 34. Rb7 Kf6 35.
Rb5 Ke5 36. Rxc5+ Rxc5 37. b4 Rc8 38. a5 Rb8 39. b5 Kd4 40. Bf1+ Kc5 41. Ka3 d5
42. Rc2+ Kd6 43. b6 dxe4 44. fxe4 Bc8 45. e5+ Kd5 46. Be2 Bf5 47. Bf3+ Kxe5 48.
Rc5+ Ke6 49. Rc6+ Kd7 50. a6 Bg4 51. a7 Ra8 52. Rc7+ 1-0

[Event "Druzynowe Mistrzostwa Polski - I Liga 2018"]
[Site "Pokrzywna"]
[Date "1899-12-30"]
[Round "5.4"]
[White "Gbyl, Andrzej"]
[Black "Cvek, Robert"]
[Result "0-1"]
[WhiteTitle "k+"]
[BlackTitle "GM"]
[WhiteElo "2248"]
[BlackElo "2509"]

1. d4 e6 2. c4 d5 3. Nc3 a6 4. cxd5 exd5 5. Bf4 Nf6 6. e3 Bd6 7. Bxd6 Qxd6 8. Bd3
O-O 9. Nf3 Nc6 10. h3 Re8 11. a3 Ne7 12. Qc2 g6 13. O-O Bf5 14. b4 Bxd3 15. Qxd3
Nf5 16. Rfc1 c6 17. Na4 Ne4 18. Rc2 Qe7 19. Nc5 Nfd6 20. Ne5 f6 21. Nxe4 Nxe4
22. Nf3 Nd6 23. a4 Kg7 24. Nd2 h5 25. Nb1 f5 26. Nc3 Nc4 27. Rb1 h4 28. Ra2 Qd6
29. Ne2 Qe7 30. Qc2 Qe4 31. Qxe4 fxe4 32. Nc3 Kf6 33. b5 axb5 34. axb5 Rxa2 35.
Nxa2 Na3 36. Ra1 Nxb5 37. Nc1 Ke6 38. Nb3 Kd6 39. Nc1 g5 40. Nb3 b6 41. Ra6 Kc7
42. Ra2 Kb7 43. Nd2 Nd6 44. Rc2 Nf5 45. Kf1 Ra8 46. Ke2 Ra1 47. Nf1 Kc7 48. Nh2
Nd6 49. Ng4 Nc4 50. f3 exf3+ 51. gxf3 b5 52. e4 Kd6 53. Nf6 Rh1 54. Rc3 Rxh3 55.
exd5 Rh2+ 56. Ke1 cxd5 57. Rb3 Rb2 0-1

[Event "Druzynowe Mistrzostwa Polski - I Liga 2018"]
[Site "Pokrzywna"]
[Date "1899-12-30"]
[Round "5.5"]
[White "Polok, Kacper"]
[Black "Bukojemski, Adam"]
[Result "1/2-1/2"]
[WhiteTitle "FM"]
[BlackTitle "k"]
[WhiteElo "2295"]
[BlackElo "2222"]

1. e4 c5 2. Nf3 e6 3. d4 cxd4 4. Nxd4 Nc6 5. Nc3 Qc7 6. Be2 Nf6 7. O-O Be7 8. Kh1
a6 9. f4 d6 10. a4 Bd7 11. Be3 Nxd4 12. Bxd4 Bc6 13. Bd3 d5 14. Bxf6 Bxf6 15.
e5 Be7 16. Ne2 Qb6 17. c3 Qxb2 18. f5 d4 19. fxe6 fxe6 20. Bc4 dxc3 21. Bxe6 Qd2
22. Bf7+ Kd8 23. Nxc3 Bxg2+ 24. Kg1 Bc5+ 25. Rf2 Bxf2+ 26. Kxg2 Be3+ 27. Qxd2+
Bxd2 28. Nd5 Rc8 29. Rd1 Rc2 30. Ne3 Rb2 31. Nc4 Rc2 32. Rxd2+ Rxd2+ 33. Nxd2
Ke7 34. Bb3 Rd8 35. Nf3 Rd3 36. Bc2 Ra3 37. Kg3 g5 38. Bxh7 Rxa4 39. Nxg5 b5 40.
h4 b4 41. h5 b3 42. h6 Rb4 43. Bb1 a5 44. h7 Rb8 45. Nf3 Kf7 46. Nd4 a4 47. Nb5
Kg7 48. Na3 Rb4 49. e6 Rb8 50. Kf4 Kf6 51. Bf5 Rb4+ 52. Be4 Rb8 53. Bd5 Rh8 54.
Be4 Kxe6 55. Kg5 Ke5 56. Bf5 Kd4 57. Nb1 Kc4 58. Kg6 Kb4 59. Be6 a3 60. Nd2 a2
61. Nxb3 Ka3 62. Kg7 Rxh7+ 63. Kxh7 Kb2 64. Na1 Kxa1 65. Bxa2 Kxa2 1/2-1/2